TV Quadrants Quiz Stats

 Plays Quiz Updated Jul 3, 2019

Support Sporcle.
Go Orange.
Score 0/10 Timer 05:00
8 Plays Today
% Correct
Friends
99.3%
The Big Bang Theory
95.5%
How I Met Your Mother
94.1%
Game of Thrones
91.7%
Seinfeld
91.6%
Breaking Bad
84.1%
24
82.1%
Full House
78.8%
The Walking Dead
63.3%
Family Matters
54.7%

You're not logged in!

Compare scores with friends on all Sporcle quizzes.
OR
Log In

From the Vault

NCAA Tournament Teams (2013)

by dabbas

Gentlemen...start your brackets!!
Remove Ads.
Support Sporcle.
Get the best of Sporcle when you Go Orange. This ad-free experience offers more features, more stats, and more fun while also helping to support Sporcle. Thank you for becoming a member.

Show Comments

Extras

Top Quizzes Today


Score Distribution

Your Account Isn't Verified!

In order to create a playlist on Sporcle, you need to verify the email address you used during registration. Go to your Sporcle Settings to finish the process.

Report this User

Report this user for behavior that violates our Community Guidelines.

Details: